| 000 | 01740nam a22002777i 4500 | ||
|---|---|---|---|
| 999 |
_c22914 _d22914 |
||
| 003 | AR-CdUCM | ||
| 008 | 240522b20222022 pe||||| |||| 00| 0 spa d | ||
| 020 | _a978-612-49070-3-6 | ||
| 040 |
_aMUNICIPALIDAD PROVINCIAL DEL CUSCO _cBIBLIOTECA MUNICIPAL DEL CUSCO |
||
| 082 |
_a358.9620985 / L47 _bL47 |
||
| 100 |
_aLeón-Velarde Servetto, Fabiola. _949932 |
||
| 245 |
_aHitos hacia un mejor gobierno de la ciencia, tecnología e innovación en el Perú : _bdesarrollo emergente / |
||
| 260 |
_aLima : _bMinisterio de Cultura del Perú, _bProyecto Especial Bicentenario de la Independencia del Perú, _c2022 |
||
| 300 |
_a200 páginas. : _c21 cm. |
||
| 500 | _zBibliografía: páginas 187 - 198 | ||
| 505 | _aEvaluación de la ciencia, la tecnología, y la innovación en el Perú -- El sistema nacional de ciencia, tecnología e innovación -- Planificación y políticas en ciencia, tecnología e innovación -- Evaluación de la economía nacional -- Otras realidades -- Situación actual de la ciencia, la tecnología y la innovación en el Perú -- El futuro de la ciencia, la tecnología y la innovación en el Perú -- Ciencia, tecnología e innovación y su relación con la salud | ||
| 650 |
_aEvaluación de la ciencia, la tecnología, y la innovación en el Perú _949933 |
||
| 650 |
_aEl sistema nacional de ciencia, tecnología e innovación _949934 |
||
| 650 |
_aPlanificación y políticas en ciencia, tecnología e innovación _949935 |
||
| 650 |
_aEvaluación de la economía nacional _949936 |
||
| 650 |
_aCiencia, tecnología e innovación y su relación con la salud _949937 |
||
| 700 |
_aAdolfo López _949938 |
||
| 856 | _fwww.bicentenario.gob.pe/biblioteca | ||
| 942 |
_2ddc _cLIBROS |
||
| 945 |
_apbj _d2024-05-22 |
||